000 00357nam a22001457a 4500
008 250604b |||||||| |||| 00| 0 eng d
020 _a9789352692705
050 _aQH 541.5
_b.S3
100 _asaddaiah
245 _aEssentials of marine biology
260 _aIndia
_bRandom publication
_c2019
300 _a308p
650 _aMarine ecology
942 _cBK
999 _c3780
_d3780